[Event "Quebec op inv."]
[Site "Montreal CAN"]
[Date "2010.07.29"]
[Round "7"]
[White "Leveille, Francois"]
[Black "Jiang, Louie"]
[Result "1/2-1/2"]
[WhiteElo "2284"]
[BlackElo "2312"]
[PlyCount "138"]
[EventDate "2010.07.24"]
[EventType "swiss"]
[EventRounds "9"]
[EventCountry "CAN"]

1. Nf3 Nf6 2. g3 d5 3. Bg2 e6 4. O-O Be7 5. c4 O-O 6. d4 dxc4 7. Na3 Bd7 8.
Nxc4 Bc6 9. b3 Nbd7 10. Bb2 Rc8 11. Rc1 Bd5 12. e3 c5 13. Qe2 b5 14. Nce5 Qa5
15. Nxd7 Nxd7 16. dxc5 Nxc5 17. Nd4 Bxg2 18. Kxg2 Bf6 19. Bc3 b4 20. Ba1 e5 21.
Nf5 Qb6 22. Qg4 Rcd8 23. Rc4 Nd3 24. e4 Qe6 25. Rc7 Kh8 26. Qe2 Bg5 27. Rd1 Qa6
28. Rc4 Nc1 29. Rxd8 Rxd8 30. Qg4 f6 31. h4 Qxa2 32. hxg5 Nd3 33. gxf6 Qxf2+
34. Kh3 g6 35. Ne7 Qxf6 36. Nd5 Rxd5 37. Rc8+ Rd8 38. Rxd8+ Qxd8 39. Qe6 Qc7
40. Qd5 Qc8+ 41. Kh4 g5+ 42. Kxg5 Qg8+ 43. Kf6 Qf8+ 44. Ke6 Qg8+ 45. Kf6 Qg7+
46. Ke6 Qg6+ 47. Ke7 Qg5+ 48. Kd6 Qxg3 49. Bxe5+ Nxe5 50. Qxe5+ Qxe5+ 51. Kxe5
a5 52. Kd6 a4 53. e5 axb3 54. e6 b2 55. e7 b1=Q 56. e8=Q+ Kg7 57. Qe5+ Kh6 58.
Qh2+ Kg6 59. Qg3+ Kf7 60. Qf4+ Kg8 61. Qc4+ Kg7 62. Qd4+ Kg6 63. Qg4+ Kf6 64.
Qh4+ Kg7 65. Qe7+ Kh6 66. Qh4+ Kg6 67. Qg4+ Kf6 68. Qh4+ Kg6 69. Qg4+ Kf6
1/2-1/2

[Event "Quebec op inv."]
[Site "Montreal CAN"]
[Date "2010.07.29"]
[Round "7"]
[White "Makka, Ioulia"]
[Black "Martchenko, Alexander"]
[Result "1/2-1/2"]
[WhiteElo "2175"]
[BlackElo "2138"]
[PlyCount "177"]
[EventDate "2010.07.24"]
[EventType "swiss"]
[EventRounds "9"]
[EventCountry "CAN"]

1. e4 e5 2. Nf3 d6 3. d4 exd4 4. Qxd4 Nc6 5. Bb5 Nge7 6. Bg5 h6 7. Bh4 Be6 8.
Qc3 Bd7 9. Nbd2 Rg8 10. Bc4 Be6 11. Qb3 Qd7 12. Bxe7 Bxe7 13. Bxe6 fxe6 14.
O-O-O O-O-O 15. Nc4 Qe8 16. Rhe1 Rf8 17. Kb1 Qh5 18. Ne3 Qg6 19. Qa4 Kb8 20.
Rd3 Rf4 21. Rb3 Qxe4 22. Qb5 b6 23. Rc3 Nd4 24. Nxd4 Qxd4 25. f3 Bf6 26. Rd3
Qb4 27. Qxb4 Rxb4 28. Nd1 Rh4 29. h3 Re8 30. Nf2 Rd4 31. Rde3 Bh4 32. R3e2 Kc8
33. c3 Rd5 34. Kc2 Kd7 35. Rf1 Bxf2 36. Rfxf2 Rf5 37. Re4 Ref8 38. Rfe2 R8f6
39. Kd2 Rf4 40. R4e3 e5 41. Ke1 Ra4 42. b3 Raf4 43. Kf2 Rf8 44. Ke1 g5 45. Rd3
Re8 46. Rde3 h5 47. Kd2 Rg8 48. g3 Rf7 49. Rd3 Ke6 50. Rde3 Rgf8 51. Rf2 g4 52.
hxg4 hxg4 53. f4 Kd5 54. Rd3+ Kc6 55. Ke3 d5 56. Rd1 exf4+ 57. Rxf4 Rxf4 58.
gxf4 Rg8 59. Kf2 Kd6 60. Kg3 c5 61. Re1 d4 62. cxd4 cxd4 63. Re5 Rg7 64. Re8
Kc5 65. Rd8 Re7 66. Kxg4 Re2 67. a3 Rg2+ 68. Kh5 Rg3 69. f5 Rxb3 70. a4 Rf3 71.
Kg6 Kc4 72. f6 d3 73. f7 Rg3+ 74. Kh5 Rf3 75. f8=Q Rxf8 76. Rxf8 d2 77. Rd8 Kc3
78. Rc8+ Kb4 79. Rd8 Kxa4 80. Rxd2 a5 81. Kg4 Kb3 82. Kf4 a4 83. Ke4 a3 84.
Rd3+ Kb2 85. Kd4 a2 86. Rd2+ Kb3 87. Rxa2 Kxa2 88. Kc4 b5+ 89. Kxb5 1/2-1/2

[Event "Quebec op inv."]
[Site "Montreal CAN"]
[Date "2010.07.29"]
[Round "7"]
[White "Modwal, Sankalp"]
[Black "Ghannoum, Marc"]
[Result "1/2-1/2"]
[WhiteElo "2177"]
[BlackElo "2230"]
[PlyCount "41"]
[EventDate "2010.07.24"]
[EventType "swiss"]
[EventRounds "9"]
[EventCountry "CAN"]

1. e4 e5 2. Nf3 Nc6 3. Bc4 Nf6 4. d3 Be7 5. O-O O-O 6. Re1 d6 7. a4 Kh8 8. Nc3
Bg4 9. h3 Bh5 10. Be3 Qd7 11. a5 a6 12. Qe2 Nd4 13. Bxd4 exd4 14. Nd5 Nxd5 15.
Bxd5 c6 16. Bb3 Bf6 17. g4 Bg6 18. Qf1 Rae8 19. Qg2 Qd8 20. Qg3 Be5 21. Nxe5
1/2-1/2

[Event "Quebec op inv."]
[Site "Montreal CAN"]
[Date "2010.07.29"]
[Round "7"]
[White "Rousseau, Daniel"]
[Black "Qin, Zi Yi (Joey)"]
[Result "1/2-1/2"]
[WhiteElo "2093"]
[BlackElo "2177"]
[PlyCount "71"]
[EventDate "2010.07.24"]
[EventType "swiss"]
[EventRounds "9"]
[EventCountry "CAN"]

1. e4 c5 2. Nf3 d6 3. d4 cxd4 4. Nxd4 Nf6 5. Nc3 a6 6. a4 Nc6 7. Be2 e5 8. Nb3
Be6 9. O-O Be7 10. f4 exf4 11. Bxf4 O-O 12. Kh1 Rc8 13. Nd4 Nxd4 14. Qxd4 Ne8
15. Rfd1 Qa5 16. Bd2 Qc5 17. Qxc5 dxc5 18. Nd5 Bxd5 19. exd5 Nd6 20. Bf3 Bf6
21. c3 Be5 22. g3 Rfe8 23. Re1 g6 24. Re2 h5 25. Rae1 f6 26. g4 hxg4 27. Bxg4
Rcd8 28. Be6+ Kg7 29. Be3 Ne4 30. Bg1 f5 31. Rxe4 fxe4 32. Rxe4 Bd6 33. b4 Rxe6
34. dxe6 cxb4 35. cxb4 Kf6 36. b5 1/2-1/2

[Event "Quebec op inv."]
[Site "Montreal CAN"]
[Date "2010.07.30"]
[Round "8"]
[White "Cornette, Matthieu"]
[Black "Gagunashvili, Merab"]
[Result "1/2-1/2"]
[WhiteElo "2544"]
[BlackElo "2596"]
[PlyCount "47"]
[EventDate "2010.07.24"]
[EventType "swiss"]
[EventRounds "9"]
[EventCountry "CAN"]

1. d4 d5 2. Nf3 Nf6 3. c4 c6 4. Nc3 dxc4 5. a4 Bf5 6. Nh4 Bg4 7. h3 Bh5 8. g4
Bg6 9. Nxg6 hxg6 10. e4 e5 11. Bxc4 exd4 12. e5 Bb4 13. exf6 dxc3 14. Qxd8+
Kxd8 15. O-O gxf6 16. Rd1+ Ke7 17. bxc3 Bc5 18. Ra2 Nd7 19. Re2+ Ne5 20. Bg5
Bd6 21. Bxf6+ Kxf6 22. Rxd6+ Ke7 23. Rd4 Kf6 24. Rd6+ 1/2-1/2

[Event "Quebec op inv."]
[Site "Montreal CAN"]
[Date "2010.07.30"]
[Round "8"]
[White "Gerzhoy, Leonid"]
[Black "Lenderman, Alex"]
[Result "1/2-1/2"]
[WhiteElo "2471"]
[BlackElo "2553"]
[PlyCount "81"]
[EventDate "2010.07.24"]
[EventType "swiss"]
[EventRounds "9"]
[EventCountry "CAN"]

1. d4 Nf6 2. c4 e6 3. Nc3 Bb4 4. e3 b6 5. Nge2 Ba6 6. Ng3 Bxc3+ 7. bxc3 d5 8.
Ba3 Bxc4 9. Bxc4 dxc4 10. Qa4+ Qd7 11. Qxc4 Nc6 12. O-O Na5 13. Qa6 h5 14. h4
g5 15. hxg5 h4 16. gxf6 hxg3 17. fxg3 Qc6 18. Bb4 Qc4 19. Qxc4 Nxc4 20. e4 Rg8
21. d5 a5 22. Be7 exd5 23. exd5 Rxg3 24. Rf4 Ne5 25. d6 c5 26. Rb1 Rb8 27. Rf5
Re3 28. d7+ Kxd7 29. Bxc5 Re2 30. Rf2 Rxf2 31. Bxf2 Nc4 32. Re1 Kc6 33. Re7 Rb7
34. Rxb7 Kxb7 35. Kf1 Kc6 36. Ke2 Kd5 37. g4 b5 38. g5 Ne5 39. Bg3 Ke4 40. Bxe5
Kxe5 41. g6 1/2-1/2

[Event "Quebec op inv."]
[Site "Montreal CAN"]
[Date "2010.07.30"]
[Round "8"]
[White "Ghannoum, Marc"]
[Black "Sapozhnikov, Roman"]
[Result "1-0"]
[WhiteElo "2230"]
[BlackElo "2248"]
[PlyCount "69"]
[EventDate "2010.07.24"]
[EventType "swiss"]
[EventRounds "9"]
[EventCountry "CAN"]

1. e4 c5 2. Nc3 Nc6 3. f4 e6 4. Nf3 a6 5. d4 d5 6. Be3 c4 7. Be2 Bb4 8. e5 Nh6
9. O-O Be7 10. h3 Nf5 11. Bf2 h5 12. g4 hxg4 13. hxg4 Nh4 14. Bxh4 Bxh4 15. Kg2
Be7 16. Qd2 b5 17. Rh1 Kd7 18. Rxh8 Qxh8 19. Rh1 Qd8 20. f5 Kc7 21. Qf4 b4 22.
Na4 Bd7 23. b3 Na7 24. Nc5 Bxc5 25. dxc5 cxb3 26. Qxb4 Bb5 27. Bxb5 axb5 28.
axb3 Nc6 29. Qxb5 Ra2 30. fxe6 Rxc2+ 31. Kg3 fxe6 32. Rh7 Qd7 33. Nd4 Rc3+ 34.
Kg2 Nd8 35. Qa5+ 1-0

[Event "Quebec op inv."]
[Site "Montreal CAN"]
[Date "2010.07.30"]
[Round "8"]
[White "Guichard, Pauline"]
[Black "Calugar, Arthur"]
[Result "0-1"]
[WhiteElo "2320"]
[BlackElo "2144"]
[PlyCount "88"]
[EventDate "2010.07.24"]
[EventType "swiss"]
[EventRounds "9"]
[EventCountry "CAN"]

1. d4 Nf6 2. c4 g6 3. Nc3 d5 4. Nf3 Bg7 5. e3 O-O 6. cxd5 Nxd5 7. Bc4 Nb6 8.
Bb3 c5 9. O-O cxd4 10. exd4 Nc6 11. d5 Na5 12. Be3 Bg4 13. h3 Bxf3 14. Qxf3
Nbc4 15. Rac1 Nxe3 16. fxe3 Nxb3 17. axb3 Rc8 18. Qe4 Qd7 19. Na4 Bf6 20. Qd3
Rc7 21. Rxc7 Qxc7 22. d6 Qc6 23. d7 Rd8 24. Rd1 Be5 25. e4 Bd6 26. Kh1 f6 27.
Nc3 Qxd7 28. Qc4+ Kg7 29. Nb5 a6 30. Nd4 Kh8 31. Nf3 Rc8 32. Qf7 Qe8 33. Qe6
Qg8 34. Qg4 Rc5 35. b4 Rc4 36. Nd4 Qc8 37. Qe2 Rxb4 38. Qd2 Kg7 39. b3 a5 40.
Rc1 Qd7 41. Rc3 a4 42. Rg3 Bxg3 43. Nf5+ gxf5 44. Qxd7 Rxe4 0-1

[Event "Quebec op inv."]
[Site "Montreal CAN"]
[Date "2010.07.30"]
[Round "8"]
[White "Hambleton, Aman"]
[Black "Rousseau, Daniel"]
[Result "1-0"]
[WhiteElo "2131"]
[BlackElo "2093"]
[PlyCount "85"]
[EventDate "2010.07.24"]
[EventType "swiss"]
[EventRounds "9"]
[EventCountry "CAN"]

1. d4 Nf6 2. c4 g6 3. Nc3 Bg7 4. e4 d6 5. f3 O-O 6. Be3 e5 7. Nge2 a6 8. Qd2
Nbd7 9. Nc1 exd4 10. Bxd4 Re8 11. Be2 Ne5 12. Nb3 a5 13. Bf2 Be6 14. Nd5 c5 15.
O-O Bxd5 16. cxd5 a4 17. Nc1 a3 18. b3 Neg4 19. Be1 h5 20. Rb1 Bh6 21. Qd3 Ne5
22. Qc3 Ned7 23. Bc4 Bg7 24. Qc2 Rb8 25. Bf2 b5 26. Bd3 b4 27. Bc4 Nh7 28. Nd3
h4 29. Rbe1 h3 30. gxh3 Qg5+ 31. Bg3 Nhf6 32. h4 Qh6 33. Bxd6 Qxh4 34. Bxb8
Rxb8 35. e5 Nh5 36. f4 g5 37. fxg5 Qxg5+ 38. Qg2 Qxg2+ 39. Kxg2 Re8 40. e6 fxe6
41. dxe6 Ndf6 42. e7+ Kh8 43. Bf7 1-0

[Event "Quebec op inv."]
[Site "Montreal CAN"]
[Date "2010.07.30"]
[Round "8"]
[White "Jiang, Louie"]
[Black "Barbeau, Sylvain"]
[Result "1-0"]
[WhiteElo "2312"]
[BlackElo "2337"]
[PlyCount "74"]
[EventDate "2010.07.24"]
[EventType "swiss"]
[EventRounds "9"]
[EventCountry "CAN"]

1. e4 e5 2. f4 d5 3. exd5 c6 4. Qe2 cxd5 5. Qxe5+ Be7 6. Nf3 Nf6 7. Bb5+ Nc6 8.
d4 O-O 9. Qe3 Ng4 10. Qd2 Bh4+ 11. g3 Re8+ 12. Be2 Bf6 13. c3 Qe7 14. h3 Nh6
15. Na3 Bf5 16. Kf2 Be4 17. g4 Bh4+ 18. Kg2 Qd7 19. Bd3 Be7 20. Bxe4 dxe4 21.
Ne5 Nxe5 22. fxe5 f6 23. Nc4 Nf7 24. Rf1 Rad8 25. Qf2 Rf8 26. exf6 Bxf6 27. Bf4
Bg5 28. Qe2 Qc6 29. Bxg5 Nxg5 30. Ne5 Qh6 31. Qe3 Rf3 32. Nxf3 Qxh3+ 33. Kf2
Rf8 34. Ke2 exf3+ 35. Kd2 Qxg4 36. Rg1 Qh3 37. Rxg5 f2 1-0

[Event "Quebec op inv."]
[Site "Montreal CAN"]
[Date "2010.07.30"]
[Round "8"]
[White "Martchenko, Alexander"]
[Black "Qin, Zi Yi (Joey)"]
[Result "1-0"]
[WhiteElo "2138"]
[BlackElo "2177"]
[PlyCount "59"]
[EventDate "2010.07.24"]
[EventType "swiss"]
[EventRounds "9"]
[EventCountry "CAN"]

1. e4 c5 2. Nf3 d6 3. d4 cxd4 4. Nxd4 Nf6 5. Bd3 Nc6 6. Nxc6 bxc6 7. O-O e5 8.
b3 Be7 9. Bb2 O-O 10. Nd2 Be6 11. Qe2 Qc7 12. Kh1 Nd7 13. Rae1 Rfe8 14. Nc4 f6
15. Ne3 d5 16. exd5 cxd5 17. c4 dxc4 18. Nxc4 Nc5 19. Bb1 Bf8 20. Qc2 e4 21.
Nd2 f5 22. f3 Bd5 23. fxe4 fxe4 24. Nxe4 Bxe4 25. Qc4+ Kh8 26. Rxe4 Rxe4 27.
Bxe4 Re8 28. b4 Qb8 29. Bc2 Ne6 30. Qh4 1-0

[Event "Quebec op inv."]
[Site "Montreal CAN"]
[Date "2010.07.31"]
[Round "9"]
[White "Calugar, Arthur"]
[Black "Sapozhnikov, Roman"]
[Result "1-0"]
[WhiteElo "2144"]
[BlackElo "2248"]
[PlyCount "149"]
[EventDate "2010.07.24"]
[EventType "swiss"]
[EventRounds "9"]
[EventCountry "CAN"]

1. Nf3 g6 2. e4 Bg7 3. d4 d6 4. Nc3 Nf6 5. Be2 O-O 6. O-O c6 7. a4 Nbd7 8. Be3
Qc7 9. Qd2 Re8 10. Rad1 e5 11. dxe5 dxe5 12. Nh4 Nf8 13. Bh6 Ne6 14. Bxg7 Kxg7
15. Bc4 Nf4 16. g3 Be6 17. Bxe6 Nxe6 18. Qe3 Qb6 19. Qxb6 axb6 20. Nf3 Nc5 21.
b3 Rad8 22. Rxd8 Rxd8 23. Re1 Re8 24. Nd2 Ne6 25. Nc4 Nd4 26. Rd1 b5 27. axb5
cxb5 28. Nd6 Re6 29. Ncxb5 Nxb5 30. Nxb5 Nxe4 31. Rd5 Nf6 32. Rc5 Ne4 33. Rc4
Nd6 34. Nxd6 Rxd6 35. Rc7 b6 36. Rb7 Kf6 37. Kg2 h5 38. h4 Ke6 39. Kf3 f5 40.
Ke3 Kd5 41. Rc7 Rf6 42. c4+ Kd6 43. Rc8 Kd7 44. Rg8 Ke7 45. Rg7+ Kd6 46. b4 Re6
47. Kd3 Kc6 48. Kc3 b5 49. c5 Kd5 50. Rd7+ Kc6 51. Rd8 Kc7 52. Ra8 Kd7 53. Ra5
Kc6 54. Kd3 Kd5 55. Rxb5 Ra6 56. Rb8 Ra3+ 57. Kd2 Ra2+ 58. Ke3 Ra3+ 59. Ke2
Ra2+ 60. Kf1 Rc2 61. Rb6 e4 62. Rxg6 e3 63. fxe3 Ke4 64. c6 Kxe3 65. b5 Rc1+
66. Kg2 Rc2+ 67. Kh3 Kf3 68. Rd6 Rc1 69. Rd3+ Kf2 70. Rd2+ Kf3 71. Kh2 Rc5 72.
Rb2 f4 73. gxf4 Kxf4 74. b6 Rxc6 75. b7 1-0

[Event "Quebec op inv."]
[Site "Montreal CAN"]
[Date "2010.07.31"]
[Round "9"]
[White "Gerzhoy, Leonid"]
[Black "Malaniuk, Vladimir"]
[Result "1/2-1/2"]
[WhiteElo "2471"]
[BlackElo "2544"]
[PlyCount "22"]
[EventDate "2010.07.24"]
[EventType "swiss"]
[EventRounds "9"]
[EventCountry "CAN"]

1. e4 e5 2. Nf3 Nc6 3. Bb5 Nf6 4. Nc3 Bb4 5. O-O O-O 6. Bxc6 dxc6 7. Nxe5 Re8
8. Nd3 Bxc3 9. dxc3 Nxe4 10. Qf3 Nd6 11. Bf4 Qf6 1/2-1/2

[Event "Quebec op inv."]
[Site "Montreal CAN"]
[Date "2010.07.31"]
[Round "9"]
[White "Guichard, Pauline"]
[Black "Leveille, Francois"]
[Result "0-1"]
[WhiteElo "2320"]
[BlackElo "2284"]
[PlyCount "56"]
[EventDate "2010.07.24"]
[EventType "swiss"]
[EventRounds "9"]
[EventCountry "CAN"]

1. d4 f5 2. Nf3 Nf6 3. g3 g6 4. Bg2 Bg7 5. O-O O-O 6. c4 d6 7. Nc3 Qe8 8. d5 a5
9. Nd4 Na6 10. b3 Bd7 11. Bb2 g5 12. e3 Nc5 13. Qc2 Qh5 14. a3 f4 15. Qe2 fxg3
16. fxg3 Qxe2 17. Ncxe2 Ng4 18. Bc1 Rxf1+ 19. Bxf1 Rf8 20. Bg2 Nf2 21. Rb1 Nh3+
22. Bxh3 Bxh3 23. Bd2 Ne4 24. Bxa5 Rf2 25. Kh1 b6 26. Bb4 e5 27. dxe6 c5 28.
Ra1 Rxe2 0-1

[Event "Quebec op inv."]
[Site "Montreal CAN"]
[Date "2010.07.31"]
[Round "9"]
[White "Lenderman, Alex"]
[Black "Cornette, Matthieu"]
[Result "1/2-1/2"]
[WhiteElo "2553"]
[BlackElo "2544"]
[PlyCount "60"]
[EventDate "2010.07.24"]
[EventType "swiss"]
[EventRounds "9"]
[EventCountry "CAN"]

1. c4 Nf6 2. Nf3 g6 3. Nc3 d5 4. cxd5 Nxd5 5. d4 Bg7 6. e4 Nxc3 7. bxc3 c5 8.
Be2 O-O 9. O-O cxd4 10. cxd4 Nc6 11. Be3 Bg4 12. d5 Bxf3 13. Bxf3 Bxa1 14. Qxa1
Na5 15. Bh6 f6 16. Bg4 Qd6 17. Be6+ Kh8 18. Bxf8 Rxf8 19. Rc1 b6 20. g3 b5 21.
Qd4 a6 22. Rc5 Nc4 23. Kg2 Rd8 24. Rc8 Rxc8 25. Bxc8 Qa3 26. Be6 Ne5 27. Qd1
Qxa2 28. Qc1 Qe2 29. Qh6 Qf3+ 30. Kg1 Qd1+ 1/2-1/2

[Event "Quebec op inv."]
[Site "Montreal CAN"]
[Date "2010.07.31"]
[Round "9"]
[White "Martchenko, Alexander"]
[Black "Hambleton, Aman"]
[Result "1-0"]
[WhiteElo "2138"]
[BlackElo "2131"]
[PlyCount "63"]
[EventDate "2010.07.24"]
[EventType "swiss"]
[EventRounds "9"]
[EventCountry "CAN"]

1. d4 Nf6 2. Nf3 c5 3. c3 b6 4. dxc5 bxc5 5. e4 Bb7 6. e5 Nd5 7. Bd3 Nb6 8. Bf4
c4 9. Bc2 Na6 10. Na3 Nc5 11. Be3 Qc8 12. Bd4 Ne6 13. O-O g6 14. Nd2 Bg7 15. f4
Nd5 16. Naxc4 Ndxf4 17. Rf2 h5 18. Qf1 Ba6 19. Be4 Rb8 20. b3 g5 21. g3 d5 22.
exd6 Nxd4 23. gxf4 gxf4 24. dxe7 Rb6 25. Nxb6 axb6 26. Nc4 Qg4+ 27. Rg2 Qe6 28.
Re1 Be5 29. cxd4 Bxd4+ 30. Kh1 Be3 31. Qf3 Bxc4 32. bxc4 1-0

[Event "Quebec op inv."]
[Site "Montreal CAN"]
[Date "2010.07.31"]
[Round "9"]
[White "Qin, Zi Yi (Joey)"]
[Black "Modwal, Sankalp"]
[Result "1/2-1/2"]
[WhiteElo "2177"]
[BlackElo "2177"]
[PlyCount "46"]
[EventDate "2010.07.24"]
[EventType "swiss"]
[EventRounds "9"]
[EventCountry "CAN"]

1. e4 c5 2. Nf3 d6 3. d4 cxd4 4. Nxd4 Nf6 5. Nc3 Nc6 6. Bc4 Qb6 7. Nb3 e6 8.
Bf4 Ne5 9. Be2 Bd7 10. Be3 Qc7 11. f4 Nc4 12. Bxc4 Qxc4 13. Qd3 Qxd3 14. cxd3
h5 15. a4 a6 16. Nd2 d5 17. e5 Ng4 18. Ke2 Rc8 19. Nb3 f6 20. d4 Bb4 21. Bd2 a5
22. Nd1 Bxd2 23. Nxd2 Ke7 1/2-1/2

[Event "Quebec op inv."]
[Site "Montreal CAN"]
[Date "2010.07.31"]
[Round "9"]
[White "Rousseau, Daniel"]
[Black "Ghannoum, Marc"]
[Result "0-1"]
[WhiteElo "2093"]
[BlackElo "2230"]
[PlyCount "58"]
[EventDate "2010.07.24"]
[EventType "swiss"]
[EventRounds "9"]
[EventCountry "CAN"]

1. e4 e5 2. Nf3 Nc6 3. Bb5 Nf6 4. O-O Bc5 5. c3 Nxe4 6. Qe2 d5 7. d3 Nf6 8.
Nxe5 O-O 9. Nxc6 bxc6 10. Bxc6 Rb8 11. d4 Bd6 12. Bg5 Bxh2+ 13. Kh1 Qd6 14. Bb5
Rxb5 15. g3 Rb6 16. Kxh2 Ba6 17. Qd1 Bxf1 18. Qxf1 Rxb2 19. Nd2 Ng4+ 20. Kg1
Qg6 21. Bf4 Qh5 22. Qg2 g5 23. Be3 Re8 24. Re1 Nxe3 25. fxe3 Rxe3 26. Qf2 Rxe1+
27. Qxe1 Qg4 28. Qe8+ Kg7 29. Qe5+ Kg6 0-1

[Event "Quebec-ch Elite"]
[Site "Montreal CAN"]
[Date "2010.05.07"]
[Round "1"]
[White "Bolduc, Steve"]
[Black "Poulin, Mathieu"]
[Result "1-0"]
[WhiteElo "2247"]
[BlackElo "1984"]
[PlyCount "61"]
[EventDate "2010.05.07"]
[EventType "swiss"]
[EventRounds "5"]
[EventCountry "CAN"]

1. Nf3 Nf6 2. c4 c5 3. g3 g6 4. Bg2 Bg7 5. O-O O-O 6. Nc3 Nc6 7. d4 d6 8. d5
Na5 9. Nd2 Nd7 10. Qc2 Rb8 11. b3 a6 12. Bb2 b5 13. Rab1 Ne5 14. Nd1 e6 15. f4
Ng4 16. Bxg7 Kxg7 17. h3 Nf6 18. Nf2 exd5 19. cxd5 Nh5 20. Kh2 f5 21. Qc3+ Kg8
22. e4 fxe4 23. Nfxe4 Nb7 24. Rbe1 h6 25. Qe3 Ng7 26. g4 h5 27. f5 hxg4 28.
fxg6 Rf5 29. hxg4 Qh4+ 30. Bh3 Re5 31. Qf4 1-0

[Event "Quebec-ch Elite"]
[Site "Montreal CAN"]
[Date "2010.05.07"]
[Round "1"]
[White "Bouchard, Jean-Marc"]
[Black "Fareh, Youness"]
[Result "0-1"]
[WhiteElo "1808"]
[BlackElo "2129"]
[PlyCount "96"]
[EventDate "2010.05.07"]
[EventType "swiss"]
[EventRounds "5"]
[EventCountry "CAN"]

1. e4 c5 2. f4 d5 3. e5 Nc6 4. Nf3 Bg4 5. h3 Bxf3 6. Qxf3 Nd4 7. Qd1 e6 8. g3
c4 9. c3 Nf5 10. Qf3 Be7 11. h4 h5 12. d4 Ngh6 13. Be3 Ng4 14. Bf2 Qb6 15. Qe2
Rh6 16. Bh3 Rg6 17. Bxg4 Rxg4 18. Rh3 a5 19. Qc2 a4 20. a3 Qc7 21. Nd2 Ra6 22.
Nf1 Rb6 23. Ra2 Qc6 24. Ke2 Rb3 25. Ne3 Nxe3 26. Bxe3 g6 27. Kf3 Kd7 28. Rh2
Qb6 29. Ra1 Qd8 30. Rb1 b5 31. Ra1 Kc6 32. Rh3 Qf8 33. Qd2 Qa8 34. Rhh1 Qa5 35.
Kg2 Qd8 36. Kf3 Kb6 37. Qc1 Bxh4 38. gxh4 Rxh4 39. Rxh4 Qxh4 40. Rb1 Qh3+ 41.
Ke2 Qg2+ 42. Bf2 Qe4+ 43. Be3 b4 44. axb4 a3 45. Kf2 h4 46. Bd2 h3 47. Qh1 Qxh1
48. Rxh1 Rxb2 0-1

[Event "Quebec-ch Elite"]
[Site "Montreal CAN"]
[Date "2010.05.07"]
[Round "1"]
[White "Clyde, Jordan"]
[Black "Ramaswamy, Kishor"]
[Result "1/2-1/2"]
[WhiteElo "1899"]
[BlackElo "2200"]
[PlyCount "61"]
[EventDate "2010.05.07"]
[EventType "swiss"]
[EventRounds "5"]
[EventCountry "CAN"]

1. c4 c6 2. g3 d5 3. cxd5 cxd5 4. Bg2 Nf6 5. Nf3 Nc6 6. d4 a6 7. Ne5 Bf5 8. Nc3
e6 9. Qa4 Qc8 10. Bd2 Nd7 11. Nxd7 Qxd7 12. O-O b5 13. Nxb5 Qb7 14. Nc3 Rc8 15.
e4 dxe4 16. Nxe4 Qb5 17. Qxb5 axb5 18. Rfc1 Kd7 19. Bf4 f6 20. Nc5+ Bxc5 21.
dxc5 Nd4 22. Rd1 e5 23. Be3 Rxc5 24. Bxd4 exd4 25. Rxd4+ Kc7 26. b4 Rc2 27. Rd5
Bd7 28. Bf1 Bc6 29. Rc5 Rxc5 30. bxc5 Ra8 31. Rb1 1/2-1/2

[Event "Quebec-ch Elite"]
[Site "Montreal CAN"]
[Date "2010.05.07"]
[Round "1"]
[White "Desjardins, Michel"]
[Black "Barbeau, Sylvain"]
[Result "1/2-1/2"]
[WhiteElo "2001"]
[BlackElo "2369"]
[PlyCount "21"]
[EventDate "2010.05.07"]
[EventType "swiss"]
[EventRounds "5"]
[EventCountry "CAN"]

1. e4 e5 2. Nc3 Nf6 3. Bc4 Nxe4 4. Qh5 Nf6 5. Bb3 Be7 6. Nf3 Nc6 7. Nxe5 O-O 8.
O-O Nxe5 9. Qxe5 Ne8 10. Re1 Bf6 11. Bxf7+ 1/2-1/2

[Event "Quebec-ch Elite"]
[Site "Montreal CAN"]
[Date "2010.05.07"]
[Round "1"]
[White "Gagnon, Serge"]
[Black "Leveille, Francois"]
[Result "1-0"]
[WhiteElo "1985"]
[BlackElo "2304"]
[PlyCount "103"]
[EventDate "2010.05.07"]
[EventType "swiss"]
[EventRounds "5"]
[EventCountry "CAN"]

1. g3 d5 2. Bg2 Nf6 3. Nf3 c6 4. O-O Bf5 5. d3 e6 6. c3 h6 7. Nbd2 Be7 8. b4
O-O 9. Qb3 Nbd7 10. a4 e5 11. a5 Re8 12. Bb2 Bh7 13. c4 e4 14. Ne1 Bf8 15. dxe4
dxe4 16. Rd1 c5 17. Bxf6 Qxf6 18. b5 Rad8 19. Nc2 Qe5 20. Ne3 Nf6 21. Nb1 Rd3
22. Nc3 Qh5 23. Nc2 Rxd1 24. Rxd1 Bf5 25. Ne3 Bh3 26. Ned5 Nh7 27. Nf4 Qe5 28.
Nxh3 g5 29. Rd5 Qf6 30. Nxe4 Qa1+ 31. Qd1 Qa2 32. Qd3 Qxa5 33. Rd7 Qa1+ 34. Qd1
Qa2 35. Qd5 Re6 36. Bf3 a5 37. Bh5 Qb1+ 38. Kg2 Qxe4+ 39. Qxe4 Rxe4 40. Bxf7+
Kg7 41. Be6+ Kf6 42. Bg8 Be7 43. Bxh7 Rxc4 44. Rxb7 Rb4 45. f4 Ke6 46. Bg8+ Kd6
47. f5 c4 48. Nf2 Bd8 49. Be6 Ke5 50. Rd7 Bb6 51. Rd5+ Kf6 52. Ng4+ 1-0

[Event "Quebec-ch Elite"]
[Site "Montreal CAN"]
[Date "2010.05.07"]
[Round "1"]
[White "Giroux, Robert"]
[Black "Chiffot, Nicolas"]
[Result "1/2-1/2"]
[WhiteElo "1776"]
[BlackElo "2100"]
[PlyCount "82"]
[EventDate "2010.05.07"]
[EventType "swiss"]
[EventRounds "5"]
[EventCountry "CAN"]

1. d4 d5 2. Nf3 Nf6 3. c4 e6 4. g3 dxc4 5. Qa4+ Bd7 6. Qxc4 c5 7. Bg2 Bc6 8.
O-O Nbd7 9. Ne5 Bxg2 10. Kxg2 Nxe5 11. dxe5 Qd5+ 12. Qxd5 Nxd5 13. Nd2 Be7 14.
Ne4 O-O 15. Bd2 Rfd8 16. Bg5 Bxg5 17. Nxg5 Nb4 18. Nf3 Rd5 19. a3 Nc6 20. e4
Rd3 21. Rfd1 Rad8 22. Rxd3 Rxd3 23. Rc1 Rb3 24. Rxc5 Rxb2 25. Nd4 Rb6 26. Nxc6
bxc6 27. Ra5 Rb7 28. Rc5 Rb6 29. Ra5 Rb7 30. Rc5 Rc7 31. Kf3 Kf8 32. Ke3 Ke8
33. h4 Kd7 34. Kd4 Rb7 35. Rc3 Rb2 36. f4 h5 37. f5 Rf2 38. fxe6+ fxe6 39. Ke3
Rf1 40. Ke2 Ra1 41. Ke3 Rf1 1/2-1/2

[Event "Quebec-ch Elite"]
[Site "Montreal CAN"]
[Date "2010.05.07"]
[Round "1"]
[White "Jiang, Louie"]
[Black "Sasseville, Jean"]
[Result "1-0"]
[WhiteElo "2321"]
[BlackElo "1999"]
[PlyCount "51"]
[EventDate "2010.05.07"]
[EventType "swiss"]
[EventRounds "5"]
[EventCountry "CAN"]

1. e4 c5 2. Nf3 e6 3. d4 cxd4 4. Nxd4 Nc6 5. Nc3 Qc7 6. Be2 a6 7. a3 b5 8. O-O
Bb7 9. Be3 Rc8 10. Nb3 Ne5 11. f4 Nc4 12. Bxc4 bxc4 13. Nd2 Nf6 14. Qe2 Be7 15.
Kh1 O-O 16. Rad1 Ne8 17. Na4 d5 18. exd5 Bxd5 19. Nb6 Rb8 20. Ndxc4 Bc6 21. a4
Nf6 22. b3 Rfd8 23. Rxd8+ Bxd8 24. Bd4 Qe7 25. a5 Nd5 26. Qe5 1-0

[Event "Quebec-ch Elite"]
[Site "Montreal CAN"]
[Date "2010.05.07"]
[Round "1"]
[White "Lange, David"]
[Black "Masse, Hugues"]
[Result "0-1"]
[WhiteElo "1966"]
[BlackElo "2240"]
[PlyCount "110"]
[EventDate "2010.05.07"]
[EventType "swiss"]
[EventRounds "5"]
[EventCountry "CAN"]

1. d4 Nf6 2. c4 g6 3. Nc3 Bg7 4. Nf3 O-O 5. e3 d5 6. cxd5 Nxd5 7. Bc4 Nxc3 8.
bxc3 c5 9. O-O Qc7 10. Be2 Nd7 11. Ba3 b6 12. Rc1 e6 13. Qb3 Bb7 14. Rfd1 Rfd8
15. Bb2 Rac8 16. a4 a6 17. Ba3 cxd4 18. cxd4 Qb8 19. Be7 Rxc1 20. Rxc1 Rc8 21.
Qa3 Rc7 22. Rc4 Rxc4 23. Bxc4 Qc8 24. Qb3 Qc6 25. h3 Nf6 26. Bd8 Nd7 27. Be7
Bf8 28. Bxf8 Nxf8 29. Bf1 Nd7 30. Qc4 Qxc4 31. Bxc4 Kf8 32. Kf1 Ke7 33. Ke2 f6
34. g3 Nb8 35. Ne1 Bc6 36. Bb3 b5 37. axb5 Bxb5+ 38. Kd2 Kd6 39. Nd3 Nd7 40.
Nc5 Nxc5 41. dxc5+ Kxc5 42. Bxe6 Bc4 43. Bd7 Kb4 44. Kc2 a5 45. Kb2 a4 46. h4
a3+ 47. Kc2 Bd3+ 48. Kc1 Kc3 49. Be6 Bc4 50. Bxc4 Kxc4 51. Kc2 f5 52. f3 a2 53.
Kb2 Kd3 54. e4 fxe4 55. fxe4 Kxe4 0-1